Principles of anatomy / (Record no. 84311)

MARC details
000 -LEADER
fixed length control field 04329cam a2200385 i 4500
001 - CONTROL NUMBER
control field GVRL10QY
003 - CONTROL NUMBER IDENTIFIER
control field MiFhGG
005 - DATE AND TIME OF LATEST TRANSACTION
control field 20250820004435.0
006 - FIXED-LENGTH DATA ELEMENTS--ADDITIONAL MATERIAL CHARACTERISTICS
fixed length control field m o d
007 - PHYSICAL DESCRIPTION FIXED FIELD--GENERAL INFORMATION
fixed length control field cr un ---uuuua
008 - FIXED-LENGTH DATA ELEMENTS--GENERAL INFORMATION
fixed length control field 200818t20202020maua ob 001 0 eng d
020 ## - INTERNATIONAL STANDARD BOOK NUMBER
International Standard Book Number 9781642653908
Qualifying information (electronic book)
020 ## - INTERNATIONAL STANDARD BOOK NUMBER
Canceled/invalid ISBN 9781642653892
035 ## - SYSTEM CONTROL NUMBER
System control number (OCoLC)1180969036
040 ## - CATALOGING SOURCE
Original cataloging agency MiFhGG
Language of cataloging eng
Transcribing agency MiFhGG
Description conventions rda
-- pn
050 #4 - LIBRARY OF CONGRESS CALL NUMBER
Classification number QM23.2
Item number P75 2020
245 00 - TITLE STATEMENT
Title Principles of anatomy /
Statement of responsibility, etc. editor, Richard M. Renneboog, M.Sc.
250 ## - EDITION STATEMENT
Edition statement First edition.
264 #1 - PRODUCTION, PUBLICATION, DISTRIBUTION, MANUFACTURE, AND COPYRIGHT NOTICE
Place of production, publication, distribution, manufacture Ipswich, Massachusetts :
Name of producer, publisher, distributor, manufacturer Salem Press ;
Place of production, publication, distribution, manufacture Armenia, New York :
Name of producer, publisher, distributor, manufacturer Grey House Publishing,
Date of production, publication, distribution, manufacture, or copyright notice [2020]
264 #4 - PRODUCTION, PUBLICATION, DISTRIBUTION, MANUFACTURE, AND COPYRIGHT NOTICE
Date of production, publication, distribution, manufacture, or copyright notice �2020
300 ## - PHYSICAL DESCRIPTION
Extent 1 online resource (xiii, 686 pages) :
Other physical details illustrations
336 ## - CONTENT TYPE
Content type term text
Content type code txt
Source rdacontent
337 ## - MEDIA TYPE
Media type term computer
Media type code c
Source rdamedia
338 ## - CARRIER TYPE
Carrier type term online resource
Carrier type code cr
Source rdacarrier
490 0# - SERIES STATEMENT
Series statement Gale eBooks
504 ## - BIBLIOGRAPHY, ETC. NOTE
Bibliography, etc. note Includes bibliographical references and index.
505 0# - FORMATTED CONTENTS NOTE
Formatted contents note Abdomen -- Abortion -- Accidents -- Adenoids -- Adipose tissue -- Adrenal glands -- Aging -- Amputation -- Anatomy -- Antibodies -- Anus -- Appendix -- Autopsy, Bile and bilirubin -- Biopsy -- Birth defects -- Blood -- Bone marrow -- Bones and the skeleton -- Brain -- Breasts, Female -- Bronchi -- Carbohydrates -- Carcinogens -- Carotid arteries -- Cartilage -- Cells -- Chest anatomy -- Childbirth -- Chiropractic -- Cholesterol -- Chyme -- Circulation -- Collagen -- Colon -- Conception -- Connective tissue -- Contraception -- Cytology -- Death and dying -- Dehydration -- Dermatology -- Dialysis -- Diaphragm -- Digestion -- Disease -- Ears -- Earwax -- Ectopic pregnancy -- Embryology -- Enamel -- Endocrine glands -- Endocrinology -- Endoscopy -- Esophagus -- Eyes -- Fallopian tubes -- Fascia -- Fatty acids -- Feet -- Fetus -- Fiber -- First aid -- Fluids and electrolytes -- Forensic pathology -- Fractures and dislocation -- Gallbladder -- Gastrointestinal system -- Genetics and inheritance -- Glands -- Grafts and grafting -- Growth -- Hair -- Healing -- Hearing -- Heart -- Hemoglobin -- Hippocampus -- Histology -- Hormones -- Human respiratory system -- Imaging and radiology -- Immune system -- In vitro fertilization -- Insulin -- Intestines -- Joints -- Kidneys -- Knee -- Leptin -- Ligaments -- Lipids -- Liver -- Longevity -- Lower extremities -- Lungs -- Lymph -- Lymphatic system -- Macronutrients -- Melatonin -- Menopause -- Menstruation -- Metabolism -- Microbiology -- Miscarriage -- Multiple births -- Muscles -- Mutation -- Myoglobin -- Nails -- Nervous system -- Neutrophils -- Ovaries -- Pancreas -- Pathology -- Peristalsis -- Pharynx -- Physiology -- Pigmentation -- Pituitary gland -- Placenta -- Plasma -- Pregnancy and gestation -- Premature birth -- Prostate gland -- Prostheses -- Protein -- Puberty and adolescence -- Pulse pressure and pulse rate -- Rape and sexual assault -- Rectum -- Reproductive system -- Respiration -- Rh factor -- Safety issues for children -- Safety issues for the elderly -- Semen -- Sense organs -- Serology -- Serotonin -- Sexual differentiation -- Skin -- Sleep -- Small intestine -- Smell -- Spine, vertebrae, and disks -- Stem cells -- Sterilization -- Steroids -- Stillbirth -- Sweating -- Systems and organs -- Taste -- Tears and tear ducts -- Teeth -- Testerone -- Thymus gland -- Thyroid gland -- Tonsils -- Touch -- Trachea -- Tumors -- Umbilical cord -- Upper extremities -- Urinary system -- Uterus -- Vas deferens -- Vision -- Vitamins and minerals -- Vitamins-an overview -- Wisdom teeth -- Wounds.
520 ## - SUMMARY, ETC.
Summary, etc. This book introduces fundamentals of anatomy, a branch of biology that studies the physical structure of organisms and their parts. Topics include: Gross Anatomy; Animal Tissues; Vertebrate Anatomy; Invertebrate Anatomy; Advances in Anatomical Technology; Clinical Anatomy; Embryology; Reproductive Health; and Ethics of Anatomical Study. Alphabetical entries include Fields of Study; Abstract; Key Concepts; a detailed Essay with background and significance; and Further Reading.
650 #0 - SUBJECT ADDED ENTRY--TOPICAL TERM
Topical term or geographic name entry element Human anatomy.
700 1# - ADDED ENTRY--PERSONAL NAME
Personal name Renneboog, Richard M.,
Relator term editor.
710 2# - ADDED ENTRY--CORPORATE NAME
Corporate name or jurisdiction name as entry element Gale (Firm)
856 40 - ELECTRONIC LOCATION AND ACCESS
Uniform Resource Identifier <a href="https://link.gale.com/apps/pub/10QY/GVRL?sid=gale_marc&u=phurs">https://link.gale.com/apps/pub/10QY/GVRL?sid=gale_marc&u=phurs</a>
Public note Available via Gale eBooks. Click here to access
912 ## -
-- 10QY
942 ## - ADDED ENTRY ELEMENTS (KOHA)
Source of classification or shelving scheme Library of Congress Classification
Koha item type E-Book
Holdings
Withdrawn status Source of classification or shelving scheme Damaged status Not for loan Home library Current library Date acquired Total Checkouts Date last seen Price effective from Koha item type
  Library of Congress Classification     E-Books Gale E-Books Gale 08/19/2025   08/19/2025 08/19/2025 E-Book

University of Rizal System
Email us at univlibservices@urs.edu.ph

Visit our Website www.urs.edu.ph/library